000 00486nam a22001817a 4500
003 CEME
005 20210628202516.0
008 210209b xxu||||| |||| 00| 0 eng d
020 _a0-76070-601-8
040 _c.
082 _a530 BER
100 _aBernal, J.D
_960229
245 _aA history of classical physics, from antiquity to the quantum
260 _aNEW YORK
_bBARNES AND NOBLE
_c1972
300 _a315P
650 _aPHYSICS; CLASSICAL PHYSICS
_960230
942 _cBK
_2ddc
999 _c570016
_d570016